| 000 | 00933nam a2200241Ia 4500 | ||
|---|---|---|---|
| 003 | OSt | ||
| 005 | 20250521161527.0 | ||
| 008 | 191128t1995 ck er 000 f spa d | ||
| 020 | _a1560634987 | ||
| 040 |
_aCO-JMCR _cCO-JMCR |
||
| 041 | _aspa | ||
| 082 | 0 | 4 |
_aJ-N _bANDe |
| 100 | 1 |
_aAnderson, Neil T. _eautor _96309 |
|
| 245 | 1 | 0 |
_aEmergiendo de la oscuridad / _cNeil T. Anderson, Dave Park |
| 250 | _aPrimera edición | ||
| 260 |
_aBogotá : _bEditorial Unilit, _c©1995 |
||
| 300 |
_a211 páginas : _c21 cm. |
||
| 500 | _aRecomendado para jovenes. | ||
| 520 | _a¿Qué ves al mirarte al espejo? ¿Una superestrella de música rock? ¿Una chica atractiva cuya foto aparece en colores en la cubierta de una revista popular? Bueno, quizás no, pero no te preocupes -no importa lo que ves cuando te miras a ti mismo- Dios ve al | ||
| 650 | 1 | 4 |
_aLiteratura cristiana _96310 |
| 700 |
_aPark, Dave _eautor _96311 |
||
| 942 |
_2ddc _cBK |
||
| 999 |
_c3557 _d3557 |
||